| 000 | 01106nam a22003257a 4500 | ||
|---|---|---|---|
| 003 | CHAP | ||
| 005 | 20220329135413.0 | ||
| 008 | 971013s1973 r 00010 d | ||
| 010 | _a35856 | ||
| 011 | _a36828 | ||
| 035 | _a40947 | ||
| 040 | _cCHAP | ||
| 082 |
_a507.2 _bM48 |
||
| 110 |
_aMéxico. Secretaría de Educación Pública. Dirección General de Información y Relaciones Públicas _977169 |
||
| 245 |
_aTecnología y humanismo _b: la SEP. ante la ciencia y el patrimonio cultural |
||
| 260 |
_aMéxico, D.F. : _bLa Secretaría, _c1973 |
||
| 300 | _a77 p | ||
| 490 |
_aComparecencias _v; 1 |
||
| 590 |
_aBATCH-UPD _b10 _c20130110 _lUCH01 _h1208 |
||
| 590 |
_aBATCH-UPD _b10 _c20130410 _lUCH01 _h0748 |
||
| 590 |
_aBATCH-UPD _b10 _c20130914 _lUCH01 _h0933 |
||
| 590 |
_aCONVERSION _b10 _c20130109 _lUCH01 _h1320 |
||
| 650 | 1 | 4 |
_aCiencia y Estado _xMéxico. _923151 |
| 650 | 1 | 4 |
_aPolítica científica _xMéxico. _990467 |
| 650 | 1 | 4 |
_aTecnología. _9111937 |
| 830 | 0 |
_aComparecencias _v; 1 _926076 |
|
| 901 | _aBK | ||
| 942 | _cLIBRO | ||
| 949 |
_a507.2 M48 _bBC _cLIBRO _d-93782 _eLIBRO _h66381 _i40947 _si |
||
| 999 |
_c35856 _d35856 |
||